• 首页
  • 本馆介绍
  • 公告通知
  • 最新文献
  • 馆藏检索
  • 电子资源
  • 读者导购
  • 参考咨询
  • 我的图书馆
  • 登录
  • 详细信息显示
  • 放入我的书架
  • 预约/预借图书
  • 作者相关作品
  • 分类相关作品
  • 丛书相关作品
  • 出版社相关作品

书目信息

  • 表格格式
  • 工作单格式
  • 卡片格式
题名:
加快构建新型农业经营体系研究
    
 
作者: 周应恒 , 耿献辉 著
分册:  
出版信息: 北京   经济管理出版社  2020.12
页数: 260页
开本: 26cm
丛书名:
单 册:
中图分类: F324
科图分类:
主题词: 农业经营--经营体系--研究--中国
电子资源:
ISBN: 978-7-5096-7514-4
000 01781nam0 2200277 45
001 012001002137
005 20140913130121.0
010    @a978-7-5096-7514-4@dCNY88.00
100    @a20210517d2020 em y0chiy50 ea
101 0  @achi
102    @aCN@b110000
105    @ay z 000yy
106    @ar
200 1  @a加快构建新型农业经营体系研究@Ajia kuai gou jian xin xing nong ye jing ying ti xi yan jiu@b专著@dStudy on speeding up the construction of new agricultural management system@f周应恒,耿献辉著@zeng
210    @a北京@c经济管理出版社@d2020.12
215    @a260页@d26cm
300    @a国家社科基金重大项目“加快构建新型农业经营体系研究” 国家社会基金项目重大项目“农村集体产权制度改革深化与经济发展研究” 现代农业产业技术体系建设专用资金 江苏省社会科学基金重大项目“江苏建立健全城乡融合发展的体制机制与政策体系研究”
300    @a并列题名:Study on speeding up the construction of new agricultural management system
330    @a本书综合运用农业经济学、产业组织理论、制度经济学、发展经济学等学科及公共政策分析的基本理论和方法,秉承农业适度规模经营的理念,遵循农业产业组织演化的内在逻辑机理,突出“小农户特色经营-高附加值农业+适度规模经营-参与国际竞争”的研究主线,强化“龙头企业+合作组织+家庭农场”的分析框架,分类别描绘出粮棉油等土地密集型、果蔬等园艺类劳动密集型和畜禽等资本密集型三大农业产业的新型农业经营体系的图景,分析实现该图景过程中的新型农业经营主体培育与组织发育等若干问题,提出加快构建新型农业经营体系的支持政策与制度保障措施。
510 1  @aStudy on speeding up the construction of new agricultural management system@zeng
606 0  @a农业经营@x经营体系@x研究@y中国
690    @aF324@v5
701  0 @a周应恒@Azhou ying heng@f(1963~)@4著
701  0 @a耿献辉@Ageng xian hui@f(1978~)@4著
801  0 @aCN@bBJSDL@c20211011
905    @b1338578-81@dF324@e210@f4
    
    加快构建新型农业经营体系研究=Study on speeding up the construction of new agricultural management system/周应恒,耿献辉著.-北京:经济管理出版社,2020.12
    260页;26cm
    国家社科基金重大项目“加快构建新型农业经营体系研究” 国家社会基金项目重大项目“农村集体产权制度改革深化与经济发展研究” 现代农业产业技术体系建设专用资金 江苏省社会科学基金重大项目“江苏建立健全城乡融合发展的体制机制与政策体系研究”.-并列题名:Study on speeding up the construction of new agricultural management system
    
    ISBN 978-7-5096-7514-4:CNY88.00
    本书综合运用农业经济学、产业组织理论、制度经济学、发展经济学等学科及公共政策分析的基本理论和方法,秉承农业适度规模经营的理念,遵循农业产业组织演化的内在逻辑机理,突出“小农户特色经营-高附加值农业+适度规模经营-参与国际竞争”的研究主线,强化“龙头企业+合作组织+家庭农场”的分析框架,分类别描绘出粮棉油等土地密集型、果蔬等园艺类劳动密集型和畜禽等资本密集型三大农业产业的新型农业经营体系的图景,分析实现该图景过程中的新型农业经营主体培育与组织发育等若干问题,提出加快构建新型农业经营体系的支持政策与制度保障措施。
●
相关链接 在E读中查询图书 在五车中查询图书 在当当中查询图书 在豆瓣中查询图书


正题名:加快构建新型农业经营体系研究     索取号:F324/210         预约/预借

序号 登录号 条形码 馆藏地/架位号 状态 备注
1 1338578   213385781   第一样本阅览室/ [索取号:F324/210] 在馆    
2 1338579   213385790   第一借阅区/ [索取号:F324/210] 在馆    
3 1338580   213385807   第一借阅区/ [索取号:F324/210] 在馆    
4 1338581   213385816   第一借阅区/ [索取号:F324/210] 在馆    
唐山师范学院图书馆 欢迎您!
大连网信软件有限公司© 版权所有